Представление документа в формате RUSMARC

ПолеНазваниеЗначение
  Тип записи a
  Библиографический уровень m
001 Контрольный номер RU/СЮИ МВД России/KNIGI/65.291.9-18/Л 65-221554
005 Дата корректировки 20150521160743.6
010 Индекс ISBN __
a ISBN 978-5-9558-0039-4 (Вузовский учебник)
010 Индекс ISBN __
a ISBN 978-5-16-004701-0 (Инфра-М)
100 Данные общей обработки __
a Данные общей обработки 20110620e2011 |||y0rusy0189
101 Язык документа 0_
a Язык текста rus
102 Страна публикации __
a Страна публикации RU
105 Кодированные данные (монография) __
a Кодированные данные (монография) y j 000yy
200 Заглавие и сведения об ответственности 1_
a Заглавие Долгосрочная и краткосрочная финансовая политика предприятия
e Сведения, относящиеся к заглавию учеб. пособие
f Первые сведения об ответственности О. Н. Лихачева
205 Сведения об издании __
a Основные сведения об издании 2-е изд.
210 Выходные данные 1_
a Место издания М.
c Издательство Инфра-М
a Место издания М.
c Издательство Вузовский учебник
d Дата издания 2011
215 Физическое описание __
a Объем 288 с.
327 Примечание о содержании 1_
a Примечание о содержании Содержание : Основы финансовой политики предприятия ; Долгосрочная финансовая политика предприятия ; Финансовое планирование и прогнозирование ; Бюджетирование как инструмент финансового планирования ; Управление текущими издержками и уеновая политика предприятия
330 Аннотация __
a Аннотация Рекомендовано Учебно-методическим объединением по образованию в области финансов, бухгалтерского учета и мировой экономики в качестве учебного пособия для студентов высших учебных заведений. обучающихся по специальности 080105 Финансы и кредит
464 Аналитический уровень _0
1 2001
a Основы финансовой политики предприятия
464 Аналитический уровень _0
1 2001
a Долгосрочная финансовая политика предприятия
464 Аналитический уровень _0
1 2001
a Финансовое планирование и прогнозирование
464 Аналитический уровень _0
1 2001
a Бюджетирование как инструмент финансового планирования
464 Аналитический уровень _0
1 2001
a Управление текущими издержками и уеновая политика предприятия
606 Тематические рубрики __
a Основная рубрика Финансовая политика
620 Место и дата публикации, исполнения и т.д. __
d Город Москва
686 Индексы других классификаций __
a Классификационный индекс 65.26
2 Код системы rubbk
686 Индексы других классификаций __
a Классификационный индекс 06
2 Код системы rugasnti
700 Автор _1
a Фамилия Лихачева
b Имя О. Н.
4 Код отношения 070
701 Альтернативная интеллектуальная ответственность _1
a Фамилия Щуров
b Имя С. А.
4 Код отношения 070
801 Источник записи _0
b Организация СЮИ МВД России
a Страна RU
c Дата составления 20110620
801 Источник записи _1
a Страна RU
b Организация ПКИ
c Дата составления 20110620
852 Данные о местонахождении __
a Наименование организации СЮИ МВД России
b Сигла хранения ЧЗ_Поволжский филиал
i Авторский знак Л 65
p Инвентарный номер 140008
j Шифр хранения 65.26
852 Данные о местонахождении __
a Наименование организации СЮИ МВД России
b Сигла хранения УчФ_Поволжский филиал
i Авторский знак Л 65
p Инвентарный номер 140009
852 Данные о местонахождении __
a Наименование организации СЮИ МВД России
b Сигла хранения УчФ_Поволжский филиал
i Авторский знак Л 65
p Инвентарный номер 140010
852 Данные о местонахождении __
a Наименование организации СЮИ МВД России
b Сигла хранения УчФ_Поволжский филиал
i Авторский знак Л 65
p Инвентарный номер 140011
852 Данные о местонахождении __
a Наименование организации СЮИ МВД России
b Сигла хранения УчФ_Поволжский филиал
i Авторский знак Л 65
p Инвентарный номер 140012
852 Данные о местонахождении __
a Наименование организации СЮИ МВД России
b Сигла хранения УчФ_Поволжский филиал
i Авторский знак Л 65
p Инвентарный номер 140013
852 Данные о местонахождении __
a Наименование организации СЮИ МВД России
b Сигла хранения УчФ_Поволжский филиал
i Авторский знак Л 65
p Инвентарный номер 140014
852 Данные о местонахождении __
a Наименование организации СЮИ МВД России
b Сигла хранения УчФ_Поволжский филиал
i Авторский знак Л 65
p Инвентарный номер 140015
852 Данные о местонахождении __
a Наименование организации СЮИ МВД России
b Сигла хранения УчФ_Поволжский филиал
i Авторский знак Л 65
p Инвентарный номер 140016
852 Данные о местонахождении __
a Наименование организации СЮИ МВД России
b Сигла хранения УчФ_Поволжский филиал
i Авторский знак Л 65
p Инвентарный номер 140017
852 Данные о местонахождении __
a Наименование организации СЮИ МВД России
b Сигла хранения УчФ_Поволжский филиал
i Авторский знак Л 65
p Инвентарный номер 140018
852 Данные о местонахождении __
a Наименование организации СЮИ МВД России
b Сигла хранения УчФ_Поволжский филиал
i Авторский знак Л 65
p Инвентарный номер 140019
852 Данные о местонахождении __
a Наименование организации СЮИ МВД России
b Сигла хранения УчФ_Поволжский филиал
i Авторский знак Л 65
p Инвентарный номер 140020
852 Данные о местонахождении __
a Наименование организации СЮИ МВД России
b Сигла хранения УчФ_Поволжский филиал
i Авторский знак Л 65
p Инвентарный номер 140021
852 Данные о местонахождении __
a Наименование организации СЮИ МВД России
b Сигла хранения УчФ_Поволжский филиал
i Авторский знак Л 65
p Инвентарный номер 140022
852 Данные о местонахождении __
a Наименование организации СЮИ МВД России
b Сигла хранения УчФ_Поволжский филиал
i Авторский знак Л 65
p Инвентарный номер 140023
852 Данные о местонахождении __
a Наименование организации СЮИ МВД России
b Сигла хранения УчФ_Поволжский филиал
i Авторский знак Л 65
p Инвентарный номер 140024
852 Данные о местонахождении __
a Наименование организации СЮИ МВД России
b Сигла хранения УчФ_Поволжский филиал
i Авторский знак Л 65
p Инвентарный номер 140025
852 Данные о местонахождении __
a Наименование организации СЮИ МВД России
b Сигла хранения УчФ_Поволжский филиал
i Авторский знак Л 65
p Инвентарный номер 140026
852 Данные о местонахождении __
a Наименование организации СЮИ МВД России
b Сигла хранения УчФ_Поволжский филиал
i Авторский знак Л 65
p Инвентарный номер 140027
901 Тип документа __
t Тип документа m
938 Служебная информация __
a Название организации Поволжский филиал
b Имя БД Книги_Ирбис
c Название АИБС АБИС ИРБИС